[Event "ICS rated blitz match"]
[Site "204.178.125.65"]
[Date "2000.12.28"]
[Round "?"]
[White "Hossa"]
[Black "Tinker"]
[Result "1-0"]
[WhiteElo "2535"]
[BlackElo "2339"]
[PlyCount "105"]
[EventDate "2000.??.??"]

1. e4 c5 2. Nf3 d6 3. d4 cxd4 4. Nxd4 Nf6 5. Nc3 g6 6. Be3 Bg7 7. f3 O-O 8. Qd2
Nc6 9. Bc4 Bd7 10. Bb3 Rc8 11. Nxc6 Rxc6 12. O-O Nh5 13. Bd5 Bxc3 14. bxc3 Rc7
15. Bxa7 e6 16. Bb3 Rc6 17. Bd4 e5 18. Be3 Qc7 19. Rfd1 Kh8 20. Ba4 Rc4 21.
Bxd7 Qxd7 22. Qxd6 Qxd6 23. Rxd6 Rxc3 24. Bh6 Ra8 25. Rd7 Kg8 26. Rxb7 Rxc2 27.
a4 Rc4 28. a5 Rcc8 29. a6 Re8 30. Kf2 f5 31. g4 fxg4 32. fxg4 Nf6 33. Kf3 Rec8
34. Be3 Rf8 35. Bc5 Rf7 36. Rxf7 Kxf7 37. a7 Nd7 38. Be3 Nf8 39. Ra5 Ke6 40. h4
h5 41. Ra6+ Kd7 42. gxh5 gxh5 43. Rh6 Ne6 44. Rxh5 Kd6 45. Rf5 Nd4+ 46. Bxd4
exd4 47. Ra5 Kc6 48. Ke2 Kb6 49. Ra2 Kb5 50. Kd3 Kc6 51. h5 Kb7 52. h6 Rc8 53.
a8=Q+ {Tinker resigns} 1-0

[Event "ICS Rated standard match"]
[Site "204.178.125.65"]
[Date "2000.12.28"]
[Round "?"]
[White "Hossa"]
[Black "Tinker"]
[Result "1-0"]
[WhiteElo "2322"]
[BlackElo "2303"]
[PlyCount "143"]
[EventDate "2000.??.??"]

1. d4 Nf6 2. c4 e6 3. Nf3 d5 4. g3 Be7 5. Bg2 O-O 6. c5 Nc6 7. O-O b6 8. cxb6
axb6 9. Nc3 Bb7 10. a3 Ne4 11. Qc2 Nxc3 12. Qxc3 Bd6 13. Ng5 h6 14. Nf3 Re8 15.
Bf4 Bxf4 16. gxf4 Ne7 17. Rfc1 c6 18. e3 Qd6 19. Qc2 Rec8 20. Ne5 c5 21. dxc5
Rxc5 22. Qd1 Rb8 23. Qh5 Rf8 24. Rxc5 bxc5 25. Bf3 Nf5 26. Qh3 Qe7 27. Be2 c4
28. Bd1 Nd6 29. Qg4 Rc8 30. Bc2 Kf8 31. a4 Rb8 32. Rc1 Qe8 33. b4 cxb3 34. Bxb3
Kg8 35. Bd1 Rc8 36. Rb1 Qe7 37. Qh5 Rc7 38. Bf3 Qe8 39. Ra1 Rc3 40. Qg4 f6 41.
Ng6 Bc6 42. a5 Kh7 43. Nh4 g6 44. a6 Nb5 45. Be2 h5 46. Qg2 Na7 47. Qf1 Rb3 48.
Qc1 Kh6 49. Qc2 Rb8 50. Bd3 Qd7 51. Nxg6 Rg8 52. Kf1 e5 53. fxe5 Qh3+ 54. Ke2
Qg4+ 55. Kd2 Rxg6 56. Bxg6 Qxg6 57. Qc5 Bb5 58. Ra3 Qg2 59. Qf8+ Qg7 60. Qd6
Kh7 61. exf6 Qf7 62. Ra1 Nc8 63. Qf4 Qg6 64. Ra3 Qg4 65. Qxg4 hxg4 66. a7 Nb6
67. Rb3 Nc4+ 68. Kc1 Bc6 69. f7 Kg7 70. Rb8 Kxf7 71. Rc8 Ne5 72. Rxc6 {
Tinker resigns} 1-0

[Event "ICS rated blitz match"]
[Site "204.178.125.65"]
[Date "2000.12.28"]
[Round "?"]
[White "QueenMaxima"]
[Black "Hossa"]
[Result "1/2-1/2"]
[WhiteElo "2551"]
[BlackElo "2543"]
[PlyCount "205"]
[EventDate "2000.??.??"]

1. e4 c5 2. Nf3 d6 3. d4 cxd4 4. Nxd4 Nf6 5. Nc3 Nc6 6. Bb5 Bd7 7. O-O g6 8.
Nxc6 bxc6 9. Bc4 Bg7 10. Be3 Ng4 11. Qd2 Nxe3 12. Qxe3 Qb6 13. Qf3 O-O 14. Rab1
Qc5 15. Bb3 a5 16. Na4 Qg5 17. Nb6 Bg4 18. Qg3 Ra6 19. Nd7 Rd8 20. h3 Rxd7 21.
Qxg4 Qxg4 22. hxg4 a4 23. Bc4 Ra8 24. b3 axb3 25. Bxb3 h6 26. Rfd1 Be5 27. g3
g5 28. a4 Kg7 29. Kf1 Rb7 30. Ke2 Rab8 31. Rh1 e6 32. Ke3 c5 33. f4 Bd4+ 34.
Kd3 Bf2 35. Rh3 d5 36. exd5 exd5 37. Ke2 c4 38. Kxf2 cxb3 39. cxb3 Rxb3 40.
Rxb3 Rxb3 41. Rh1 gxf4 42. gxf4 Rb4 43. Rd1 Rxf4+ 44. Kg3 Rxa4 45. Rxd5 Ra1 46.
Rd7 Rg1+ 47. Kf4 Rf1+ 48. Ke4 Kf6 49. Rd5 Kg6 50. Rb5 Re1+ 51. Kf4 Rd1 52. Ke4
f6 53. Rc5 Rd8 54. Ke3 Rd6 55. Ke4 Rd7 56. Rc8 Rb7 57. Rc5 Rb1 58. Rd5 Rb4+ 59.
Kf3 Rb3+ 60. Ke4 Ra3 61. Rc5 Ra4+ 62. Kf3 Ra1 63. Ke4 Rg1 64. Kf4 Rf1+ 65. Ke4
Re1+ 66. Kf4 Rb1 67. Ke4 Rb4+ 68. Kf3 Rd4 69. Rb5 Rd8 70. Rc5 Rd3+ 71. Ke4 Rd2
72. Ke3 Rg2 73. Kf3 Rb2 74. Ke4 Rb8 75. Ke3 Ra8 76. Ke4 Re8+ 77. Kf3 Re5 78.
Rc6 Rd5 79. Re6 Rd1 80. Rb6 Rd3+ 81. Ke4 Rd7 82. Rb5 Rc7 83. Rd5 Rc4+ 84. Kf3
Rc1 85. Kf4 Rf1+ 86. Ke4 Rg1 87. Kf4 Ra1 88. Kf3 Ra3+ 89. Ke4 Rc3 90. Kf4 Rc6
91. Ke4 Re6+ 92. Kf4 Rb6 93. Rc5 Rb3 94. Ke4 Rh3 95. Rc8 Rg3 96. Kf4 Rg2 97.
Rg8+ Kf7 98. Rh8 Rh2 99. Kf5 Rf2+ 100. Ke4 Kg7 101. Rd8 Re2+ 102. Kf4 Re1 103.
Re8 {Game drawn by the 50 move rule} 1/2-1/2

[Event "ICS rated blitz match"]
[Site "204.178.125.65"]
[Date "2000.12.28"]
[Round "?"]
[White "Hossa"]
[Black "QueenMaxima"]
[Result "0-1"]
[WhiteElo "2543"]
[BlackElo "2551"]
[PlyCount "28"]
[EventDate "2000.??.??"]

1. e4 e5 2. Nf3 f5 3. Nxe5 Nf6 4. Bc4 Qe7 5. d4 Nc6 6. Nf7 Qxe4+ 7. Kf1 Rg8 8.
Ng5 Qxd4 9. Qe2+ Be7 10. c3 Qe5 11. Bxg8 Qxe2+ 12. Kxe2 Nxg8 13. Nxh7 b6 14.
Bf4 Ba6+ {Hossa forfeits on time} 0-1

[Event "ICS rated blitz match"]
[Site "204.178.125.65"]
[Date "2000.12.28"]
[Round "?"]
[White "Hossa"]
[Black "NimzoX"]
[Result "1/2-1/2"]
[WhiteElo "2527"]
[BlackElo "2861"]
[PlyCount "143"]
[EventDate "2000.??.??"]

1. e4 e5 2. Nf3 Nc6 3. Bb5 a6 4. Ba4 Nf6 5. O-O Nxe4 6. d4 b5 7. Bb3 d5 8. dxe5
Be6 9. Nbd2 Nc5 10. c3 d4 11. Bxe6 Nxe6 12. cxd4 Ncxd4 13. a4 Be7 14. Nxd4 Nxd4
15. Nb3 Ne6 16. Qc2 O-O 17. axb5 axb5 18. Rd1 Qb8 19. Rxa8 Qxa8 20. Be3 Rd8 21.
Rxd8+ Qxd8 22. Qd2 Qa8 23. Qd7 Qa4 24. Nc1 c5 25. b3 Qb4 26. h3 Bf8 27. Bd2 Qd4
28. Qxd4 Nxd4 29. Bc3 Nc2 30. Nd3 Na3 31. Kf1 c4 32. bxc4 bxc4 33. Nf4 Nb5 34.
Nd5 Nxc3 35. Nxc3 Bb4 36. Nd5 Bc5 37. Ke2 Bd4 38. f4 g5 39. Ne7+ Kf8 40. Nc6
Bb6 41. Kd2 Ke8 42. Kc3 Kd7 43. Nb4 Ke6 44. Kxc4 gxf4 45. Nd5 Kxe5 46. Nxb6 f3
47. gxf3 Kf4 48. Kd4 Kxf3 49. h4 Kg4 50. Ke3 h5 51. Nc4 f6 52. Nd2 Kxh4 53. Kf4
Kh3 54. Kf3 h4 55. Nf1 f5 56. Ne3 f4 57. Nf5 Kh2 58. Kf2 f3 59. Ne3 Kh3 60. Nf1
Kg4 61. Nd2 h3 62. Nxf3 h2 63. Kg2 Kf5 64. Kh1 Ke6 65. Nd2 Kd7 66. Ne4 Kc8 67.
Nf6 Kb8 68. Nd5 Ka8 69. Nf6 Kb8 70. Nd5 Ka8 71. Nf6 Kb8 72. Nd5 {
Game drawn by repetition} 1/2-1/2

[Event "ICS rated blitz match"]
[Site "204.178.125.65"]
[Date "2000.12.28"]
[Round "?"]
[White "ChesterX"]
[Black "Hossa"]
[Result "1-0"]
[WhiteElo "2570"]
[BlackElo "2539"]
[PlyCount "90"]
[EventDate "2000.??.??"]

1. e4 e5 2. Nc3 Nc6 3. Nf3 Nf6 4. g3 Bc5 5. Bg2 d6 6. d3 Ng4 7. O-O f5 8. Bg5
Qd7 9. h3 Nxf2 10. Rxf2 Bxf2+ 11. Kxf2 O-O 12. Kg1 fxe4 13. dxe4 Qe8 14. Nd5
Qf7 15. Be3 h6 16. Kh2 Na5 17. Qd3 c6 18. Nc3 Nc4 19. Bc1 Rd8 20. b3 Nb6 21.
Nxe5 Qf6 22. Nf3 Nd7 23. Be3 Ne5 24. Nxe5 dxe5 25. Qe2 Rf8 26. Bc5 Rd8 27. Rf1
Qg6 28. Be7 Re8 29. Qc4+ Qe6 30. Bd6 Qxc4 31. bxc4 Be6 32. c5 Rad8 33. a4 Kh7
34. Rf2 Bd7 35. Nb1 Re6 36. Nd2 b5 37. a5 Kg8 38. Nf3 Kh7 39. Nxe5 Be8 40. Nf3
Rg6 41. e5 h5 42. Nd4 Rc8 43. Be4 b4 44. Nf5 Rd8 45. Nh4 b3 {Hossa resigns} 1-0

[Event "ICS rated blitz match"]
[Site "204.178.125.65"]
[Date "2000.12.28"]
[Round "?"]
[White "Hossa"]
[Black "Tinker"]
[Result "1-0"]
[WhiteElo "2524"]
[BlackElo "2368"]
[PlyCount "121"]
[EventDate "2000.??.??"]

1. e4 c5 2. Nf3 d6 3. d4 cxd4 4. Nxd4 Nf6 5. Nc3 g6 6. Be3 Bg7 7. f3 O-O 8. Qd2
Nc6 9. Bc4 Bd7 10. Bb3 Rc8 11. Nxc6 Rxc6 12. O-O Ne8 13. Bd5 Rc7 14. Bxa7 e6
15. Bb3 Bxc3 16. bxc3 Rc8 17. Bd4 e5 18. Be3 Qc7 19. Rad1 Bb5 20. Rfe1 Kh8 21.
Bh6 Rg8 22. Qd5 Bc4 23. Bxc4 Qxc4 24. Qxb7 Rc7 25. Qb3 Qxc3 26. Qxc3 Rxc3 27.
Rd2 f6 28. Re3 Rc4 29. a3 Ra4 30. f4 Rc4 31. fxe5 dxe5 32. Kf2 Nc7 33. g4 Nb5
34. g5 f5 35. exf5 Rf4+ 36. Kg3 Rxf5 37. Rd7 Nd4 38. c4 Nc2 39. Rb3 Ne1 40. Re7
Rf1 41. Rxe5 Nc2 42. Re7 Nd4 43. Rbb7 Nf5+ 44. Kg2 Nxe7 45. Kxf1 Nc6 46. a4 Nd4
47. Ra7 Nf3 48. Kg2 Ne5 49. Rc7 Nd3 50. a5 Nf4+ 51. Kf3 Ne6 52. Rd7 Nc5 53. Ra7
Ne6 54. Ke4 Re8 55. Kd5 Nf4+ 56. Kd6 Nh5 57. a6 Kg8 58. Rb7 Rc8 59. a7 Ng7 60.
Kd7 Re8 61. Rb8 {Tinker resigns} 1-0

[Event "ICS rated blitz match"]
[Site "204.178.125.65"]
[Date "2000.12.28"]
[Round "?"]
[White "PostModernist"]
[Black "Hossa"]
[Result "1/2-1/2"]
[WhiteElo "2503"]
[BlackElo "2533"]
[PlyCount "143"]
[EventDate "2000.??.??"]

1. e4 e5 2. Bc4 Nf6 3. d3 Nc6 4. Nc3 Bb4 5. Nf3 d6 6. h3 Na5 7. Bb3 Nxb3 8.
axb3 O-O 9. O-O Be6 10. Bg5 a6 11. d4 h6 12. Bxf6 gxf6 13. Qd2 Kg7 14. Qe3 Rg8
15. Rfd1 Qe7 16. Ne2 a5 17. c3 exd4 18. Nexd4 Bc5 19. Nh4 Bxd4 20. cxd4 Rae8
21. Rxa5 f5 22. exf5 Qxh4 23. fxe6 Rxe6 24. Qc3 Re2 25. Rf5 Qe4 26. d5+ Kf8 27.
Rf3 h5 28. Ra1 Qxd5 29. Qxc7 Rg6 30. Ra8+ Kg7 31. Qd8 Re1+ 32. Kh2 Qe5+ 33. g3
Kh6 34. Qf8+ Qg7 35. Rxf7 Qxf8 36. Raxf8 Rge6 37. Rxb7 R1e2 38. g4 hxg4 39.
hxg4 Rxb2 40. Kg3 Kg6 41. b4 Re1 42. Rg8+ Kf6 43. Rh8 Rg1+ 44. Kf3 Ke5 45. Re8+
Kd5 46. Rb6 Rb3+ 47. Re3 Rxe3+ 48. fxe3 Rf1+ 49. Kg2 Rf8 50. b5 Rg8 51. Kf3
Rf8+ 52. Kg3 Re8 53. Kf4 Rf8+ 54. Kg5 Rg8+ 55. Kf5 Rf8+ 56. Kg6 Rg8+ 57. Kf7
Rxg4 58. Ke7 Rg7+ 59. Kf6 Rg4 60. Ra6 Rb4 61. b6 Rb3 62. e4+ Kxe4 63. Ke6 d5
64. Kd6 d4 65. Kc5 d3 66. Ra4+ Ke3 67. Ra2 Rb1 68. Ra3 Rc1+ 69. Kd5 Rb1 70.
Rxd3+ Kxd3 71. Kc6 Rxb6+ 72. Kxb6 {
Game drawn because neither player has mating material} 1/2-1/2

[Event "ICS rated blitz match"]
[Site "204.178.125.65"]
[Date "2000.12.28"]
[Round "?"]
[White "Hossa"]
[Black "Tinker"]
[Result "0-1"]
[WhiteElo "2532"]
[BlackElo "2359"]
[PlyCount "146"]
[EventDate "2000.??.??"]

1. e4 c5 2. Nf3 d6 3. d4 cxd4 4. Nxd4 Nf6 5. Nc3 g6 6. Be3 Bg7 7. f3 O-O 8. Qd2
Nc6 9. Bc4 Bd7 10. Bb3 Rc8 11. Nxc6 Rxc6 12. O-O a6 13. Bh6 Bxh6 14. Qxh6 Qb6+
15. Rf2 e6 16. Ne2 Nh5 17. Rd1 Qc5 18. Ba4 b5 19. Bb3 a5 20. c3 Rc7 21. Ng3
Nxg3 22. hxg3 a4 23. Bc2 a3 24. bxa3 Qxa3 25. Bb3 Rxc3 26. e5 d5 27. Rfd2 Rfc8
28. Rd4 Qf8 29. Qh4 Qg7 30. Qg5 h6 31. Qe7 Be8 32. Re1 R3c7 33. Qh4 Rc1 34.
Rdd1 g5 35. Qh3 R1c3 36. Qg4 R8c5 37. Rb1 Bd7 38. Rbd1 Rc7 39. Rb1 R3c5 40. Qd4
Qh7 41. g4 Rc8 42. Qd2 Qg7 43. Qd4 R8c7 44. Rf1 Bc8 45. Rfe1 R7c6 46. Kf2 Bb7
47. Rh1 Rc3 48. Bd1 Ba6 49. a4 bxa4 50. Bxa4 R6c4 51. Rb8+ Bc8 52. Qd2 Qxe5 53.
Ra8 Qc7 54. Rxh6 Rc2 55. Bxc2 Rxc2 56. Qxc2 Qxc2+ 57. Kg3 d4 58. Rh5 Qc1 59.
Ra4 d3 60. Rd4 Ba6 61. Rd8+ Kg7 62. Rd7 Qe1+ 63. Kh3 Kg6 64. Rd8 d2 65. Kh2
d1=Q 66. Rxd1 Qxd1 67. Rh3 Qd4 68. Kh1 Bf1 69. Rg3 Qf2 70. Kh2 e5 71. f4 gxf4
72. Kh1 fxg3 73. g5 Bxg2# {Hossa checkmated} 0-1

[Event "ICS rated standard match"]
[Site "204.178.125.65"]
[Date "2000.12.28"]
[Round "?"]
[White "Tinker"]
[Black "Hossa"]
[Result "0-1"]
[WhiteElo "2295"]
[BlackElo "2337"]
[PlyCount "94"]
[EventDate "2000.??.??"]

1. e4 e5 2. Nf3 f5 3. Nxe5 Nf6 4. Be2 fxe4 5. d4 d6 6. Ng4 d5 7. Nc3 Be7 8. O-O
O-O 9. Ne5 c5 10. Be3 cxd4 11. Qxd4 Nc6 12. Nxc6 bxc6 13. Rad1 Bd6 14. Bg5 Bf5
15. Rb1 Be6 16. Kh1 Qc7 17. Qe3 Ng4 18. Bxg4 Bxg4 19. Bh4 Bf4 20. Qc5 Rf7 21.
Bg3 Bxg3 22. fxg3 Raf8 23. Qg1 Qb7 24. Na4 Rxf1 25. Rxf1 Rxf1 26. Qxf1 Qb4 27.
h3 Qxa4 28. hxg4 Qxa2 29. Qc1 Qc4 30. Qd2 Qc5 31. Qg5 h6 32. Qd2 e3 33. Qd3 Qe7
34. Qe2 Qe5 35. Kh2 d4 36. b3 g6 37. Kh3 Kg7 38. Kh2 a5 39. Kh3 Qe7 40. Kh2 c5
41. Kg1 g5 42. Kf1 Qf7+ 43. Qf3 c4 44. Ke2 d3+ 45. Kxe3 dxc2 46. Kd2 Qxf3 47.
gxf3 cxb3 {Tinker resigns} 0-1

[Event "ICS rated blitz match"]
[Site "204.178.125.65"]
[Date "2000.12.28"]
[Round "?"]
[White "ChesterX"]
[Black "Hossa"]
[Result "1/2-1/2"]
[WhiteElo "2574"]
[BlackElo "2509"]
[PlyCount "114"]
[EventDate "2000.??.??"]

1. e4 e5 2. Nf3 f5 3. Nxe5 Nf6 4. exf5 Qe7 5. Qe2 d6 6. Nf3 Nc6 7. Qxe7+ Bxe7
8. Bd3 Nb4 9. Nd4 Nxd3+ 10. cxd3 Nd5 11. Nc3 Nf4 12. O-O O-O 13. Re1 Bf6 14.
Ne6 Bxe6 15. fxe6 Rae8 16. Re3 Bd4 17. Rf3 Nxe6 18. Kf1 Rxf3 19. gxf3 Nf4 20.
Nd1 Nxd3 21. Ne3 Kf7 22. Ke2 Nf4+ 23. Kf1 Bf6 24. Rb1 d5 25. b4 d4 26. Nf5 d3
27. Ng3 h6 28. Ne4 Bd4 29. Bb2 Bxb2 30. Rxb2 b6 31. Rb3 Ke6 32. b5 Kd5 33. Ra3
Ra8 34. Rc3 Rc8 35. Ra3 Rf8 36. Rxa7 Ne6 37. Kg2 Ke5 38. a4 g5 39. h3 h5 40. a5
g4 41. axb6 gxf3+ 42. Kg3 Kxe4 43. bxc7 Kd5 44. Rb7 h4+ 45. Kxh4 Ke4 46. b6 Kf4
47. Rb8 Rf7 48. Kh5 Kf5 49. Rh8 Nxc7 50. bxc7 Rxc7 51. h4 Rg7 52. Rf8+ Ke4 53.
Re8+ Kf5 54. Rf8+ Ke4 55. Re8+ Kf5 56. Rf8+ Ke4 57. Re8+ Kf5 {
Game drawn by repetition} 1/2-1/2

[Event "ICS rated blitz match"]
[Site "204.178.125.65"]
[Date "2000.12.28"]
[Round "?"]
[White "Hossa"]
[Black "Feisty"]
[Result "1-0"]
[WhiteElo "2512"]
[BlackElo "2371"]
[PlyCount "173"]
[EventDate "2000.??.??"]

1. e4 d5 2. exd5 Qxd5 3. d4 Nc6 4. Nf3 Bg4 5. Be2 O-O-O 6. Be3 Nf6 7. O-O Qd7
8. c3 Nd5 9. Ng5 Bxe2 10. Qxe2 Qf5 11. Nf3 e6 12. b4 Bd6 13. a4 Kb8 14. Bd2
Rhe8 15. Qb5 a6 16. Qc4 Nce7 17. Ra2 Ng6 18. Bg5 f6 19. Be3 Nb6 20. Qb3 Nf4 21.
Bxf4 Bxf4 22. c4 e5 23. a5 Nc8 24. b5 axb5 25. a6 exd4 26. axb7 Kxb7 27. Na3
Na7 28. Nxb5 Nxb5 29. Ra5 Kc8 30. Rxb5 Qe4 31. Qa4 d3 32. Qa6+ Kd7 33. Rd5+ Ke7
34. Re1 Qxe1+ 35. Nxe1 d2 36. Qa1 Rxd5 37. cxd5 Be5 38. Qd1 dxe1=Q+ 39. Qxe1
Kf7 40. Qd1 g6 41. g3 f5 42. Qa4 Bd6 43. Kg2 h5 44. Kf3 Re5 45. Qc6 g5 46. Qd7+
Kg6 47. h4 g4+ 48. Kg2 Kf6 49. Qd8+ Kf7 50. Qg5 Rxd5 51. Qxh5+ Ke7 52. Qh7+ Kf6
53. Qh8+ Ke7 54. Qg7+ Ke6 55. h5 c5 56. h6 Be7 57. h7 Bf6 58. Qxf6+ Kxf6 59.
h8=Q+ Ke6 60. Qe8+ Kf6 61. Qa4 Ke5 62. Qf4+ Ke6 63. Qc4 Kd6 64. Qb3 Ke5 65.
Qc3+ Kd6 66. Qf6+ Kd7 67. Qa6 Ke7 68. Qc6 Re5 69. f4 gxf3+ 70. Kxf3 Re4 71.
Qxc5+ Kf6 72. Qd6+ Re6 73. Qf8+ Kg6 74. g4 fxg4+ 75. Kxg4 Ra6 76. Qf5+ Kh6 77.
Qf4+ Kh7 78. Qe4+ Kh6 79. Qe3+ Kg6 80. Qd3+ Kf6 81. Qxa6+ Ke5 82. Qc4 Kd6 83.
Kf5 Kd7 84. Qc5 Ke8 85. Qc7 Kf8 86. Kf6 Kg8 87. Qg7# {Feisty checkmated} 1-0

[Event "ICS rated blitz match"]
[Site "204.178.125.65"]
[Date "2000.12.28"]
[Round "?"]
[White "Feisty"]
[Black "Hossa"]
[Result "1-0"]
[WhiteElo "2361"]
[BlackElo "2522"]
[PlyCount "123"]
[EventDate "2000.??.??"]

1. e4 e5 2. Nf3 Nc6 3. Bb5 a6 4. Bxc6 dxc6 5. O-O f6 6. d4 exd4 7. Nxd4 c5 8.
Nb3 Qxd1 9. Rxd1 Bg4 10. f3 Bd7 11. Be3 b6 12. a4 Bd6 13. a5 Be5 14. c3 Be6 15.
Nc1 Nh6 16. f4 Ng4 17. Bd2 Bd6 18. h3 Nh6 19. f5 Bc8 20. Bxh6 gxh6 21. axb6 Bb7
22. bxc7 Bxc7 23. Nd2 Rg8 24. Nd3 Bd6 25. Nc4 Be7 26. Nf2 Rd8 27. Rxd8+ Kxd8
28. Nb6 h5 29. Rd1+ Kc7 30. Rd7+ Kxb6 31. Rxe7 Bc6 32. Rxh7 Re8 33. Rxh5 Bxe4
34. Nxe4 Rxe4 35. Rh6 Re1+ 36. Kf2 Rb1 37. Rxf6+ Kb7 38. Rg6 Rxb2+ 39. Ke3 Rc2
40. f6 Rc1 41. Rg3 Re1+ 42. Kf4 Re8 43. Kf5 Kb6 44. f7 Rf8 45. Kf6 Kc6 46. Rg8
Rxf7+ 47. Kxf7 Kd5 48. g4 a5 49. h4 Kc4 50. g5 a4 51. h5 a3 52. h6 Kb3 53. h7
a2 54. Ra8 Kb2 55. h8=Q Kb1 56. Qb8+ Kc2 57. Rxa2+ Kd3 58. Qd6+ Kxc3 59. Qxc5+
Kd3 60. Ra3+ Ke4 61. Kg6 Kf4 62. Qf5# {Hossa checkmated} 1-0

[Event "ICS rated blitz match"]
[Site "204.178.125.65"]
[Date "2000.12.28"]
[Round "?"]
[White "Hossa"]
[Black "Feisty"]
[Result "0-1"]
[WhiteElo "2499"]
[BlackElo "2384"]
[PlyCount "132"]
[EventDate "2000.??.??"]

1. d4 e6 2. e4 Nc6 3. Nf3 d5 4. e5 Nge7 5. c3 Ng6 6. Bd3 Be7 7. O-O O-O 8. Be3
f5 9. exf6 Rxf6 10. Ng5 h6 11. Qh5 Qe8 12. Nf3 Bd7 13. Nbd2 Nf4 14. Qxe8+ Rxe8
15. Bxf4 Rxf4 16. Nb3 Bd6 17. Bg6 Re7 18. Rfe1 Rf6 19. Nh4 e5 20. Rac1 exd4 21.
Nxd4 Bc5 22. Rxe7 Nxe7 23. Bd3 g5 24. Nhf3 Nc6 25. Nb3 Bb6 26. Re1 g4 27. Nfd4
a5 28. Re2 a4 29. Nxc6 Rxc6 30. Nd2 a3 31. Bb5 Re6 32. Rxe6 Bxe6 33. b4 Bf5 34.
Nb3 Kf7 35. Nc1 d4 36. cxd4 Bxd4 37. Ne2 Bb2 38. Nf4 Bc1 39. Bc4+ Ke7 40. Nd5+
Kd6 41. Ne3 Bxe3 42. fxe3 c5 43. b5 Be6 44. Bxe6 Kxe6 45. Kf2 Kd5 46. Ke2 Kc4
47. h3 gxh3 48. gxh3 Kxb5 49. Kd3 Kc6 50. Kc3 b5 51. Kb3 b4 52. Kc4 Kd6 53. Kb3
Kd5 54. e4+ Kxe4 55. Kc4 Ke3 56. Kxc5 b3 57. axb3 a2 58. Kc4 a1=Q 59. Kb4 Kd4
60. Kb5 Qf1+ 61. Kb6 Qxh3 62. b4 Qd7 63. Ka6 Kc4 64. b5 Kc5 65. b6 h5 66. b7
Qa4# {Hossa checkmated} 0-1

[Event "ICS rated standard match"]
[Site "204.178.125.65"]
[Date "2000.12.28"]
[Round "?"]
[White "PIETRO-TARICONE"]
[Black "Hossa"]
[Result "1-0"]
[WhiteElo "2375"]
[BlackElo "2351"]
[PlyCount "89"]
[EventDate "2000.??.??"]

1. e4 e5 2. d4 exd4 3. Qxd4 Nc6 4. Qe3 Nf6 5. Nc3 Bb4 6. Bd2 O-O 7. O-O-O Re8
8. Bc4 Bxc3 9. Bxc3 Nxe4 10. Qf4 Re7 11. Bxf7+ Kh8 12. Bb3 Nxc3 13. bxc3 Re8
14. Nf3 Rf8 15. Qc4 a5 16. h4 Qf6 17. Ng5 g6 18. Ne4 Qf4+ 19. Kb1 a4 20. Bxa4
d5 21. Rxd5 Be6 22. Rhd1 Bxd5 23. Rxd5 Qxh4 24. Rd7 Rab8 25. Qe2 Qh1+ 26. Kb2
Qxg2 27. Bb3 Rbc8 28. Qe3 Qg4 29. Be6 Qh5 30. Rd5 Qh4 31. Bxc8 Rxc8 32. Ng5 Qg4
33. Nf7+ Kg7 34. Nh6 Qa4 35. Qg5 Rf8 36. Rd7+ Kh8 37. Nf7+ Rxf7 38. Rxf7 Kg8
39. Rd7 Qa6 40. Qf6 Qb5+ 41. Kc1 Qf1+ 42. Kd2 Qxf2+ 43. Qxf2 b5 44. Qf7+ Kh8
45. Qg7# {Hossa checkmated} 1-0

[Event "ICS rated standard match"]
[Site "204.178.125.65"]
[Date "2000.12.28"]
[Round "?"]
[White "Hossa"]
[Black "expert101"]
[Result "1-0"]
[WhiteElo "2336"]
[BlackElo "2116"]
[PlyCount "47"]
[EventDate "2000.??.??"]

1. e4 d6 2. d4 Nf6 3. Nc3 g6 4. f4 Bg7 5. Nf3 O-O 6. Bd3 Nbd7 7. O-O c5 8. e5
Ne8 9. Be2 cxd4 10. Qxd4 Nc7 11. Rd1 Ne6 12. Qf2 dxe5 13. Nxe5 Qc7 14. Nb5 Qd8
15. Nxa7 Bxe5 16. fxe5 Qc7 17. Bh6 Qxe5 18. Nxc8 Rfxc8 19. Rxd7 Rxc2 20. Rxe7
f5 21. Re1 Qf6 22. Bc4 Rxf2 23. R1xe6 Qd4 24. Ra6+ {expert101 resigns} 1-0

[Event "ICS rated blitz match"]
[Site "204.178.125.65"]
[Date "2000.12.28"]
[Round "?"]
[White "pob"]
[Black "Hossa"]
[Result "0-1"]
[WhiteElo "2083"]
[BlackElo "2478"]
[PlyCount "78"]
[EventDate "2000.??.??"]

1. e4 c5 2. Nf3 d6 3. d4 cxd4 4. Nxd4 Nf6 5. Nc3 g6 6. Be3 Bg7 7. Bc4 O-O 8. f3
Nfd7 9. Qd2 Nb6 10. Bb3 Nc6 11. O-O-O Na5 12. Qe2 Nxb3+ 13. axb3 Nd7 14. Kb1 a6
15. h4 e5 16. Nf5 gxf5 17. exf5 b5 18. Rxd6 Qc7 19. Rhd1 f6 20. g4 Rf7 21. Ne4
Bf8 22. R6d3 a5 23. g5 fxg5 24. Bxg5 Rxf5 25. Qg2 Kh8 26. Rg1 Qc6 27. Rxd7 Qg6
28. Rd6 Bxd6 29. Nxd6 Rf8 30. Ne4 Ra6 31. h5 Qf7 32. Qg4 Bxg4 33. Rxg4 Qxf3 34.
Rh4 Qd1+ 35. Ka2 Rf1 36. Bc1 Qxc1 37. b4 Qa1+ 38. Kb3 Rf3+ 39. c3 Qa4# {
pob checkmated} 0-1

[Event "ICS rated standard match"]
[Site "204.178.125.65"]
[Date "2000.12.28"]
[Round "?"]
[White "Hossa"]
[Black "PIETRO-TARICONE"]
[Result "0-1"]
[WhiteElo "2343"]
[BlackElo "2390"]
[PlyCount "134"]
[EventDate "2000.??.??"]

1. e4 e5 2. d4 exd4 3. Qxd4 Nc6 4. Qe3 Nf6 5. Nc3 Be7 6. Nf3 d5 7. Bb5 O-O 8.
exd5 Nxd5 9. Nxd5 Qxd5 10. c4 Bb4+ 11. Bd2 Bxd2+ 12. Qxd2 Qe6+ 13. Kf1 Ne5 14.
Nxe5 Qxe5 15. Re1 Qf6 16. Ba4 Bf5 17. Re3 Rad8 18. Qb4 c5 19. Qc3 Qxc3 20. bxc3
Rd2 21. Bb3 Rb2 22. g4 Bb1 23. Re7 f5 24. gxf5 Rxf5 25. Rg1 Bd3+ 26. Ke1 Kf8
27. Re3 Bxc4 28. Rg2 Rb1+ 29. Kd2 Bf1 30. Kc2 Ra1 31. Kb2 Rxa2+ 32. Bxa2 Bxg2
33. Re2 Rf4 34. Rd2 b5 35. Bb1 h6 36. Re2 Bf1 37. Rd2 Bc4 38. Bc2 a5 39. Bg6
Ke7 40. Bc2 Ke6 41. Bd1 Ke5 42. f3 Rh4 43. Rg2 g5 44. Kc2 Rh3 45. Kd2 a4 46.
Kc1 a3 47. Rc2 Bd5 48. Rf2 Kf4 49. Rg2 Bxf3 50. Rf2 g4 51. c4 b4 52. Ra2 Bxd1
53. Kxd1 g3 54. hxg3+ Kg4 55. Rf2 b3 56. Ke2 a2 57. Rf4+ Kg5 58. Rf8 a1=Q 59.
Rg8+ Kf6 60. Kf3 Qf1+ 61. Ke3 Qe1+ 62. Kf4 b2 63. Rf8+ Ke7 64. Re8+ Kxe8 65.
Kg4 b1=Q 66. Kxh3 Qh1+ 67. Kg4 Qbe4# {Hossa checkmated} 0-1

[Event "ICS rated standard match"]
[Site "204.178.125.65"]
[Date "2000.12.28"]
[Round "?"]
[White "PIETRO-TARICONE"]
[Black "Hossa"]
[Result "1-0"]
[WhiteElo "2404"]
[BlackElo "2329"]
[PlyCount "55"]
[EventDate "2000.??.??"]

1. e4 e5 2. Nf3 f5 3. exf5 e4 4. Ne5 Qh4 5. g3 Qg5 6. d4 Qxf5 7. Bc4 Ne7 8. g4
Qf6 9. Bf7+ Kd8 10. g5 Qb6 11. Bb3 Ke8 12. Qh5+ g6 13. Bf7+ Kd8 14. Bxg6 Nxg6
15. Nf7+ Ke8 16. Nxh8 Qc6 17. Nc3 Bb4 18. Qxh7 Bxc3+ 19. bxc3 Qxc3+ 20. Kf1
Nxh8 21. Qxh8+ Kf7 22. g6+ Kxg6 23. Rg1+ Qg3 24. Rxg3+ Kf7 25. Rg7+ Ke6 26.
Rg6+ Kd5 27. Qe5+ Kc4 28. Qc5# {Hossa checkmated} 1-0

[Event "ICS rated standard match"]
[Site "204.178.125.65"]
[Date "2000.12.28"]
[Round "?"]
[White "Hossa"]
[Black "PIETRO-TARICONE"]
[Result "0-1"]
[WhiteElo "2316"]
[BlackElo "2417"]
[PlyCount "134"]
[EventDate "2000.??.??"]

1. e4 e5 2. Nf3 Nf6 3. d4 Nxe4 4. Bd3 d5 5. Nxe5 Bd6 6. O-O O-O 7. c4 Bxe5 8.
dxe5 Nc6 9. Bf4 Nb4 10. Na3 Nc5 11. Bb1 dxc4 12. Nxc4 Be6 13. Na5 b6 14. Be3
Qxd1 15. Rxd1 Rfd8 16. Rc1 Ncd3 17. Bxd3 Nxd3 18. Nc6 Nxc1 19. Nxd8 Ne2+ 20.
Kf1 Bc4 21. b3 Bd3 22. Bg5 h6 23. Be7 Nf4+ 24. Ke1 Ng6 25. Rd1 Bc2 26. Rd7 Nxe7
27. Rxe7 Rxd8 28. Rxc7 Bb1 29. Rxa7 Re8 30. Kd2 Rxe5 31. b4 Be4 32. f3 Bc6 33.
h4 Re6 34. Ra6 Bb5 35. Ra8+ Re8 36. Rxe8+ Bxe8 37. Kd3 f6 38. Kc4 Kf7 39. Kd5
Kg6 40. Kd6 Ba4 41. Ke6 Bd1 42. f4 b5 43. f5+ Kh5 44. g3 Kg4 45. Kf7 Kxf5 46.
Kxg7 h5 47. Kf7 Kg4 48. Kxf6 Kxg3 49. Kg5 Be2 50. a3 Bd1 51. Kf5 Kxh4 52. Kf4
Kh3 53. Ke3 Kg2 54. Kd2 Ba4 55. Ke3 h4 56. Kd4 h3 57. Kd3 Kf3 58. Kd4 h2 59.
Kc5 Ke4 60. Kc6 h1=Q 61. Kd6 Qh6+ 62. Ke7 Kd5 63. Kf7 Ke5 64. Ke7 Qh7+ 65. Ke8
Qg7 66. Kd8 Kd6 67. Kc8 Qc7# {Hossa checkmated} 0-1

[Event "ICS rated standard match"]
[Site "204.178.125.65"]
[Date "2000.12.28"]
[Round "?"]
[White "PIETRO-TARICONE"]
[Black "Hossa"]
[Result "1-0"]
[WhiteElo "2428"]
[BlackElo "2305"]
[PlyCount "67"]
[EventDate "2000.??.??"]

1. e4 e5 2. Nf3 Nf6 3. Nxe5 Qe7 4. d4 d6 5. Nf3 Nxe4 6. Be2 d5 7. O-O Be6 8.
Nc3 Nxc3 9. bxc3 c6 10. Ng5 c5 11. Nxe6 fxe6 12. Bg4 cxd4 13. Bxe6 Nc6 14. Re1
Kd8 15. Bxd5 Qd7 16. Be6 Qc7 17. Bg5+ Be7 18. Bxe7+ Qxe7 19. cxd4 Qf6 20. d5
Ne7 21. c4 Rf8 22. Qa4 Qxf2+ 23. Kh1 Nc6 24. dxc6 Kc7 25. Qa5+ Qb6 26. Qe5+
Kxc6 27. Bd5+ Kd7 28. Qxg7+ Kc8 29. Qxf8+ Qd8 30. Be6+ Kc7 31. Qc5+ Kb8 32.
Qe5+ Qc7 33. Qh8+ Qc8 34. Qxc8# {Hossa checkmated} 1-0